Tribhuvan University Central Library

Investment analysis and portfolio management (Record no. 55758)

MARC details
000 -LEADER
fixed length control field 00644 a2200241 4500
020 ## - INTERNATIONAL STANDARD BOOK NUMBER
International Standard Book Number 81-315-0374-7
041 ## - LANGUAGE CODE
Language code of text/sound track or separate title Eng
082 ## - DEWEY DECIMAL CLASSIFICATION NUMBER
Classification number 332.6
Item number R273i
100 ## - MAIN ENTRY--PERSONAL NAME
Personal name Reilly, Frank K.
9 (RLIN) 13217
100 ## - MAIN ENTRY--PERSONAL NAME
Personal name Brown, Keith C.
9 (RLIN) 13218
245 ## - TITLE STATEMENT
Title Investment analysis and portfolio management
250 ## - EDITION STATEMENT
Edition statement 8th ed.
260 ## - PUBLICATION, DISTRIBUTION, ETC.
Place of publication, distribution, etc. Australia :
Name of publisher, distributor, etc. Thomson,
Date of publication, distribution, etc. 2006.
300 ## - PHYSICAL DESCRIPTION
Extent xxvii, 1174p.
504 ## - BIBLIOGRAPHY, ETC. NOTE
Bibliography, etc. note Bibliography : p. 1106-1131
650 ## - SUBJECT ADDED ENTRY--TOPICAL TERM
Topical term or geographic name entry element Portfolio management
9 (RLIN) 13219
650 ## - SUBJECT ADDED ENTRY--TOPICAL TERM
Topical term or geographic name entry element Financial statement
9 (RLIN) 5642
650 ## - SUBJECT ADDED ENTRY--TOPICAL TERM
Topical term or geographic name entry element Stock market
9 (RLIN) 1713
653 ## - INDEX TERM--UNCONTROLLED
Uncontrolled term Investment analysis
942 ## - ADDED ENTRY ELEMENTS (KOHA)
Source of classification or shelving scheme Dewey Decimal Classification
Koha item type General Collections
518 ## - DATE/TIME AND PLACE OF AN EVENT NOTE
-- 2011-01-25
530 ## - ADDITIONAL PHYSICAL FORM AVAILABLE NOTE
-- M
Holdings
Withdrawn status Lost status Source of classification or shelving scheme Damaged status Not for loan Home library Current library Shelving location Date acquired Total Checkouts Total Renewals Full call number Barcode Date last seen Date last checked out Price effective from Koha item type
    Dewey Decimal Classification     Tribhuvan University Central Library Tribhuvan University Central Library New Building 01/25/2011 5 3 332.6 R273i 138314 05/08/2017 12/05/2016 01/25/2011 General Collections
    Dewey Decimal Classification     Tribhuvan University Central Library Tribhuvan University Central Library New Building 01/07/2015 4 8 332.6 R273i 140643 03/12/2018 12/11/2017 01/07/2015 General Collections
    Dewey Decimal Classification     Tribhuvan University Central Library Tribhuvan University Central Library New Building 11/30/2015 2   332.6 R273i 143946 05/30/2017 04/18/2017 11/30/2015 General Collections
    Dewey Decimal Classification     Tribhuvan University Central Library Tribhuvan University Central Library New Building 06/05/2016 1   332.6 R273i 143945 06/27/2016 06/05/2016 06/05/2016 General Collections
    Dewey Decimal Classification     Tribhuvan University Central Library Tribhuvan University Central Library New Building 05/07/2025     332.6 R273i 143947 05/07/2025   05/07/2025 General Collections